Normal view
MARC view
- Widmaier, Eric P
Entry Personal Name
001 - CONTROL NUMBER
- control field: 114180
003 - CONTROL NUMBER IDENTIFIER
- control field: NUST
005 - DATE AND TIME OF LATEST TRANSACTION
- control field: 20230818152912.0
008 - FIXED-LENGTH DATA ELEMENTS
- fixed length control field: 230818|| aca||aabn | a|a d
040 ## - CATALOGING SOURCE
- Original cataloging agency: NUST
- Transcribing agency: NUST
100 ## - HEADING--PERSONAL NAME
- Personal name: Widmaier, Eric P
670 ## - SOURCE DATA FOUND
- Source citation: Work cat.: (NUST): Widmaier, Eric P., Human Physiology:, 2019.
